000 00578nam a2200205Ia 4500
005 20250508165216.0
008 008 250505s9999 xx 000 0 eng d
020 _a978-81-259-2796-9
037 _aReference
040 _aFEDL
_beng
_cFEDL
041 _aeng
_2eng
084 _a155.4, RAN/RR
_qFEDL
100 _aRanganathan Namita
245 0 _aPrimary school child: Development and education
260 _aNew Delhi, India
_bOrient Longman
_c2000
300 _a226p.
365 _aINR
_b275
942 _cREF
_h155.4, RAN/RR
999 _c1393795
_d1393795